IIUM Law Journal

Detalles Bibliográficos
Formato: Revista
Lenguaje:inglés
Publicado: Kuala Lumpur : International Islamic University Malaysia, 1993-
Materias:
Acceso en línea:http://www.vlex.com/source/7200

MARC

LEADER 00000nas a22000007a 4500
005 20130321151215.0
007 cr|||| ||||
008 130321c19939999xxufr|p s|||| 0|||a1eng d
022 |a 1282530  
035 |a 7200 
040 |a vLex 
090 |c 3968  |d 3968 
245 0 0 |a IIUM Law Journal  |h [Recurso electrn̤ico] 
256 |a Servicio en ln̕ea 
260 |a Kuala Lumpur :  |b International Islamic University Malaysia,   |c 1993- 
300 |a 1 Recurso electrn̤ico 
506 |d vLex Global  |d vLex Global (Academic Edition, excluding Law Schools)  |d vLex Global (U.S. Academic Edition, Law Schools)  |d vLex Global (U.S. Academic Edition, excluding Law Schools)  |d vLex Global (Academic Edition, Law Schools) 
650 0 4 |a Derecho islm̀ico  |v Revistas 
740 |a vLex Revistas (Servicio en ln̕ea) 
856 |a Acceso restringido  |u http://www.vlex.com/source/7200 
942 |c REV 
999 0 |a Islamic law